Breves viajes al país del pueblo

Saved in:
Bibliographic Details
Main Author: Rancière, Jacques, 1940- (Author)
Format: Book
Language:Spanish
Published: Buenos Aires Ediciones Nueva Visión 1991
Series:Colección Diagonal
Subjects:
Tags: Add Tag
No Tags, Be the first to tag this record!

MARC

LEADER 00000cam a2200000 a 4500
001 UCF5720
003 CL-VaPUC
008 130322e19910000AG |||||||||||||||||spa|d
020 |a 9506022437 
082 0 4 |a 194  |b RAN  |2 21 
100 |a Rancière, Jacques,  |d 1940-  |e author  |9 557220 
245 1 0 |a Breves viajes al país del pueblo 
300 |a 111 p 
942 |c BK 
945 |d 20130322 00:00:00  |a dcastane 
260 |a Buenos Aires  |b Ediciones Nueva Visión  |c 1991 
650 0 |a Filosofía francesa   |9 255698 
650 0 |a Filósofos franceses  |9 314621 
650 0 |a Estética   |9 264950 
650 0 |a Filosofía del arte  |9 264951 
583 |a last modification  |c 20130322 12:27:00  |k Rodrigo Vera 
490 0 |a Colección Diagonal 
999 |c 351161  |d 351159 
952 |0 0  |1 0  |4 0  |6 194_000000000000000_RAN_1991  |7 0  |8 A  |9 455122  |a BIBART  |b BIBART  |d 2019-11-22  |i 4954130  |o 194 RAN 1991  |p 4954130  |r 2025-03-13  |w 2019-11-22  |y BK  |k ART